| 000 | 00000nam 2200000za 4500 |
| 001 | 9.602381 |
| 003 | CaOODSP |
| 005 | 20220328113247 |
| 007 | cr ||||||||||| |
| 008 | 150406|1994||||xxc|||||o f|0| 0 fre d |
| 040 | |aCaOODSP|bfre |
| 043 | |an-cn--- |
| 086 | 1 |aC21-25/1-1994F-PDF |
| 110 | 1 |aCanada. |bIndustrie Canada. |
| 245 | 10|aLes multinationales comme agents du changement |h[ressource électronique] : |bdéfinition d'une nouvelle politique canadienne / |cpar Lorraine Eden. |
| 260 | |bIndustrie Canada, |cNovembre 1994. |
| 300 | |a59 p. |
| 490 | 1 |aDocument de discussion ; |vN° 1 |
| 504 | |aBibliographie. |
| 590 | |a11-25-Supp|b2011-10-31 |
| 691 | 07|aInvestissement|2gcpds |
| 691 | 07|aMultinationale|2gcpds |
| 720 | 1 |aEden, Lorraine |
| 775 | 08|tMultinationals as agents of change |w(CaOODSP)9.571961 |
| 776 | 0#|tLes multinationales comme agents du changement : |w(CaOODSP)9.525121 |
| 776 | 0#|tMultinationals as agents of change : |w(CaOODSP)9.525120 |
| 830 | #0|aDocument de discussion (Canada. Industrie Canada : En ligne)|vN° 1|w(CaOODSP)9.500838 |
| 856 | 40|ahttp://publications.gc.ca|qPDF|s238 Ko|uhttps://publications.gc.ca/collections/Collection/C21-25-1-1994F.pdf|yN° 1 |